000 00614nam a22001937a 4500
003 DO-SdBNP
005 20220916152019.0
007 ta
008 220916b |||||||| |||| 00| 0 spa d
040 _aDO-SdBNP
_bspa
_cBNPHU
082 4 _222
_a242.08
_bE279m
100 1 0 _aEfren, Jorge
_ePadre
_982401
245 1 0 _aMadre amable :
_bcomo la Santa Virgen nos muestra en bondad /
_cEfren, Jorrge ; Carmelita Descalzo
260 _aLa Vega, República Dominicana
_bEl Progreso De, R.A.Ramos,
_c1916.
300 _a488 p.;
_c21 cm
500 _aIncluye prefacio.
590 _aInventariado, 2022/ SA
942 _2ddc
_cLBS1
999 _c52418
_d52418